LEADER 02909nam 2200661 450 001 9910463614203321 005 20200520144314.0 010 $a9966-031-49-9 035 $a(CKB)2670000000602913 035 $a(EBL)1996463 035 $a(SSID)ssj0001459234 035 $a(PQKBManifestationID)12616287 035 $a(PQKBTitleCode)TC0001459234 035 $a(PQKBWorkID)11456621 035 $a(PQKB)10108499 035 $a(MiAaPQ)EBC1996463 035 $a(OCoLC)905690436 035 $a(MdBmJHUP)muse46014 035 $a(Au-PeEL)EBL1996463 035 $a(CaPaEBR)ebr11040226 035 $a(CaONFJC)MIL753161 035 $a(EXLCZ)992670000000602913 100 $a20150417h20072007 uy 0 101 0 $aeng 135 $aur|n|---||||| 181 $ctxt 182 $cc 183 $acr 200 04$aThe jurisprudence on regional and international tribunals digest 210 1$aNairobi, Kenya ;$aDar-es-Salaam, Tanzania ;$aKampala, Uganda :$cLawAfrica,$d2007. 210 4$d©2007 215 $a1 online resource (390 p.) 225 1 $aEALS Practice Manual Series ;$vNumber 5 300 $aIncludes index. 311 $a9966-7121-9-4 311 $a1-336-21875-4 327 $aCover; Title page; Copyright page; Contents; Preface; Introduction; Subject Index; Table of Cases; MWATELA AND OTHERS V EAST AFRICAN COMMUNITY; ANYANG' NYONG'O AND OTHERS V ATTORNEY-GENERAL OF THE REPUBLIC OF KENYA AND OTHERS; NANGALE AND OTHERS V ATTORNEY GENERAL OF THE REPUBLIC OF KENYA AND OTHERS; ATTORNEY-GENERAL OF THE REPUBLIC OF KENYA V ANYANG' NYONG'O AND OTHERS; ANYANG' NYONG'O AND OTHERS V ATTORNEY GENERAL OF THE REPUBLIC OF KENYA AND OTHERS; THE REPUBLIC OF KENYA AND COMMISSIONER OF LANDS V COASTAL ACQUACULTURE; EASTERN AND SOUTHERN AFRICAN TRADE AND OTHERS V MARTIN OGANG 327 $aINTER-AMERICAN COURT OF HUMAN RIGHTSCAESAR V TRINIDAD AND TOBAGO; INTERNATIONAL COURT OF JUSTICE YEAR 2004; THE PROSECUTOR V JEAN-PAUL AKAYESU; EUROPEAN PARLIAMENT V COUNCIL OF THE EUROPEAN COMMUNITIES; EUROPEAN PARLIAMENT V COUNCIL OF THE EUROPEAN COMMUNITIES; EAST AFRICAN LAW SOCIETY AND OTHERS V ATTORNEY GENERAL OF THE REPUBLIC OF KENYA AND OTHERS; Back cover 410 0$aEALS practice manual series ;$vNumber 5. 606 $aConstitutional law$zAfrica, Eastern$vCases 606 $aJurisdiction$zAfrica, Eastern$vCases 606 $aHuman rights$vCases 606 $aInternational law$vCases 608 $aElectronic books. 615 0$aConstitutional law 615 0$aJurisdiction 615 0$aHuman rights 615 0$aInternational law 676 $a342.6 712 02$aEast African Law Society. 712 02$aLawAfrica (Firm) 801 0$bMiAaPQ 801 1$bMiAaPQ 801 2$bMiAaPQ 906 $aBOOK 912 $a9910463614203321 996 $aThe jurisprudence on regional and international tribunals digest$92446402 997 $aUNINA LEADER 01470nas 2200445-a 450 001 996211746203316 005 20230428140919.0 011 $a1825-6562 035 $a(DE-599)ZDB2190534-4 035 $a(OCoLC)60618598 035 $a(CKB)110978979595645 035 $a(CONSER)--2008249008 035 $a(EXLCZ)99110978979595645 100 $a20050614a19929999 s-- - 101 0 $aita 135 $aurunu|||||||| 181 $ctxt$2rdacontent 182 $cc$2rdamedia 183 $acr$2rdacarrier 200 10$aActa philosophica 210 $aRoma $cAteneo Romano della Santa Croce 300 $a"Rivista internazionale di filosofia." 300 $aJournal of the Ateneo Romano della Santa Croce, an institution affiliated with Opus Dei, and established in accordance with the wishes of José María Escrivá de Balaguer, founder of Opus Dei. 311 $a1121-2179 606 $aFilosofia$2thub 606 $aPhilosophy$vPeriodicals 606 $aPhilosophy$2fast$3(OCoLC)fst01060777 606 $aSocieties$2fast$3(OCoLC)fst01123785 608 $aRevistes electròniques.$2thub 608 $aPeriodicals.$2fast 615 7$aFilosofia. 615 0$aPhilosophy 615 7$aPhilosophy. 615 7$aSocieties. 701 $aEscrivá de Balaguer$b Josemaría$cSaint,$f1902-1975.$01073954 712 02$aOpus Dei (Society) 906 $aJOURNAL 912 $a996211746203316 996 $aActa philosophica$92570427 997 $aUNISA